[Event "Greek Team Championship"]
[Site "chess24.com"]
[Date "2017.07.04"]
[Round "3"]
[White "Kartsidima, Aggeliki"]
[Black "Papageorgiou, Fotini"]
[Result "1-0"]
[Board "6"]
[WhiteElo "1224"]
[WhiteCountry "GRE"]
[WhiteFideId "25818031"]
[WhiteEloChange "15"]
[BlackElo "1427"]
[BlackCountry "GRE"]
[BlackFideId "4238265"]
[BlackEloChange "-15"]

1. e4 {[%clk 1:30:57]} e5 {[%clk 1:30:55]} 2. Nf3 {[%clk 1:31:14]} Nc6 {[%clk
1:31:20]} 3. Bc4 {[%clk 1:29:58]} Bc5 {[%clk 1:31:16]} 4. c3 {[%clk 1:28:46]} Nf6
{[%clk 1:27:18]} 5. d3 {[%clk 1:27:09]} O-O {[%clk 1:24:31]} 6. O-O {[%clk
1:25:20]} d6 {[%clk 1:24:51]} 7. h3 {[%clk 1:23:49]} a6 {[%clk 1:22:18]} 8. Bb3
{[%clk 1:21:48]} Bd7 {[%clk 1:20:06]} 9. Nbd2 {[%clk 1:19:55]} Qe7 {[%clk
1:16:55]} 10. Re1 {[%clk 1:17:29]} Be6 {[%clk 1:07:34]} 11. Bc2 {[%clk 1:13:46]}
Ba7 {[%clk 1:05:46]} 12. Nf1 {[%clk 1:11:06]} Rfd8 {[%clk 0:48:09]} 13. Ng3
{[%clk 1:06:53]} h6 {[%clk 0:35:27]} 14. Nh4 {[%clk 1:03:23]} Qd7 {[%clk
0:28:54]} 15. Nhf5 {[%clk 1:00:00]} Bxf5 {[%clk 0:28:21]} 16. Nxf5 {[%clk
1:00:12]} Ne7 {[%clk 0:28:40]} 17. Nxe7+ {[%clk 0:59:37]} Qxe7 {[%clk 0:29:04]}
18. Be3 {[%clk 0:55:48]} Qd7 {[%clk 0:26:41]} 19. Bxa7 {[%clk 0:54:35]} Rxa7
{[%clk 0:27:02]} 20. Bb3 {[%clk 0:53:03]} a5 {[%clk 0:22:37]} 21. a4 {[%clk
0:52:17]} Nh7 {[%clk 0:20:15]} 22. Re3 {[%clk 0:49:51]} Ng5 {[%clk 0:17:57]} 23.
Rg3 {[%clk 0:46:03]} Kh7 {[%clk 0:14:14]} 24. h4 {[%clk 0:42:04]} Ne6 {[%clk
0:14:01]} 25. Qg4 {[%clk 0:39:37]} g6 {[%clk 0:12:03]} 26. Bxe6 {[%clk 0:35:57]}
Qxe6 {[%clk 0:12:25]} 27. Qxe6 {[%clk 0:36:18]} fxe6 {[%clk 0:12:51]} 28. Rf3
{[%clk 0:36:33]} Kg7 {[%clk 0:13:11]} 29. d4 {[%clk 0:35:51]} exd4 {[%clk
0:13:02]} 30. cxd4 {[%clk 0:36:07]} Ra6 {[%clk 0:12:36]} 31. Rc1 {[%clk 0:36:05]}
c6 {[%clk 0:10:51]} 32. d5 {[%clk 0:34:33]} exd5 {[%clk 0:10:53]} 33. exd5 {[%clk
0:34:56]} Rf8 {[%clk 0:09:36]} 34. Rb3 {[%clk 0:34:44]} Rf7 {[%clk 0:09:40]} 35.
dxc6 {[%clk 0:34:43]} bxc6 {[%clk 0:08:52]} 36. Rd3 {[%clk 0:33:42]} d5 {[%clk
0:07:57]} 37. g3 {[%clk 0:33:15]} Rb7 {[%clk 0:06:50]} 38. b3 {[%clk 0:32:57]}
Rd7 {[%clk 0:03:56]} 39. Rc5 {[%clk 0:30:07]} Kf7 {[%clk 0:03:35]} 40. f4 {[%clk
0:58:09]} Rd6 {[%clk 0:33:42]} 41. Kf2 {[%clk 0:56:49]} h5 {[%clk 0:32:51]} 42.
Kf3 {[%clk 0:56:14]} Kf6 {[%clk 0:31:40]} 43. g4 {[%clk 0:55:30]} hxg4+ {[%clk
0:31:36]} 44. Kxg4 {[%clk 0:55:50]} Re6 {[%clk 0:31:32]} 45. Rdc3 {[%clk
0:54:14]} Rd6 {[%clk 0:26:01]} 46. Rf3 {[%clk 0:48:33]} Re6 {[%clk 0:24:49]} 47.
Rfc3 {[%clk 0:48:03]} Rd6 {[%clk 0:25:02]} 48. Re3 {[%clk 0:47:47]} Re6 {[%clk
0:20:24]} 49. Rxe6+ {[%clk 0:48:03]} Kxe6 {[%clk 0:20:49]} 50. Kg5 {[%clk
0:48:25]} Kf7 {[%clk 0:21:00]} 51. f5 {[%clk 0:47:23]} gxf5 {[%clk 0:21:21]} 52.
Kxf5 {[%clk 0:47:44]} Rb6 {[%clk 0:16:21]} 53. Rc3 {[%clk 0:46:40]} d4 {[%clk
0:13:17]} 54. Rd3 {[%clk 0:46:46]} c5 {[%clk 0:13:06]} 55. Ke5 {[%clk 0:46:29]}
Re6+ {[%clk 0:07:54]} 56. Kf4 {[%clk 0:45:58]} Kg6 {[%clk 0:07:50]} 57. Rg3+
{[%clk 0:43:23]} Kh5 {[%clk 0:07:10]} 58. Rg5+ {[%clk 0:43:43]} Kxh4 {[%clk
0:07:33]} 59. Rxc5 {[%clk 0:44:03]} Rb6 {[%clk 0:06:42]} 60. Ke4 {[%clk 0:41:54]}
Rxb3 {[%clk 0:06:59]} 61. Kxd4 {[%clk 0:41:54]} Rb4+ {[%clk 0:07:22]} 62. Rc4
{[%clk 0:42:17]} Rb8 {[%clk 0:07:13]} 63. Kd5+ {[%clk 0:42:16]} Kg3 {[%clk
0:06:54]} 64. Rc5 {[%clk 0:41:48]} Rh8 {[%clk 0:06:11]} 65. Kc4 {[%clk 0:41:56]}
Ra8 {[%clk 0:05:16]} 66. Kb5 {[%clk 0:42:14]} Kf4 {[%clk 0:05:31]} 67. Kb6 {[%clk
0:42:14]} Ke4 {[%clk 0:05:41]} 68. Rxa5 {[%clk 0:41:25]} Rh8 {[%clk 0:05:01]} 69.
Rc5 {[%clk 0:41:38]} Kd4 {[%clk 0:04:40]} 70. Rc1 {[%clk 0:40:28]} Rh3 {[%clk
0:04:31]} 71. a5 {[%clk 0:40:02]} Rh6+ {[%clk 0:03:58]} 72. Rc6 {[%clk 0:40:01]}
1-0

[Event "Greek Team Championship"]
[Site "chess24.com"]
[Date "2017.07.04"]
[Round "3"]
[White "Bouza, Mirto - Eleni"]
[Black "Kartsidima, Aikaterini"]
[Result "0-1"]
[Board "7"]
[WhiteElo "1313"]
[WhiteCountry "GRE"]
[WhiteFideId "4260848"]
[WhiteEloChange "-7"]
[BlackElo "1405"]
[BlackCountry "GRE"]
[BlackFideId "25818040"]
[BlackEloChange "7"]

1. e4 {[%clk 1:30:57]} d5 {[%clk 1:30:56]} 2. exd5 {[%clk 1:31:18]} Qxd5 {[%clk
1:31:19]} 3. Nc3 {[%clk 1:31:39]} Qd6 {[%clk 1:30:53]} 4. d4 {[%clk 1:31:53]} c6
{[%clk 1:30:22]} 5. Nf3 {[%clk 1:31:56]} Bg4 {[%clk 1:29:15]} 6. Be2 {[%clk
1:31:34]} Nf6 {[%clk 1:27:57]} 7. O-O {[%clk 1:31:12]} e6 {[%clk 1:24:52]} 8. Re1
{[%clk 1:30:21]} Be7 {[%clk 1:23:25]} 9. Ne5 {[%clk 1:27:58]} Bxe2 {[%clk
1:14:06]} 10. Qxe2 {[%clk 1:26:51]} O-O {[%clk 1:10:16]} 11. Qd3 {[%clk 1:13:44]}
Rd8 {[%clk 1:10:16]} 12. Be3 {[%clk 1:06:52]} Nbd7 {[%clk 1:04:21]} 13. f4 {[%clk
1:03:08]} Nd5 {[%clk 0:58:12]} 14. Ne4 {[%clk 0:49:53]} Nxe5 {[%clk 0:52:26]} 15.
dxe5 {[%clk 0:33:52]} Qc7 {[%clk 0:51:20]} 16. Qe2 {[%clk 0:29:20]} Nxe3 {[%clk
0:48:58]} 17. Qxe3 {[%clk 0:29:39]} Qb6 {[%clk 0:47:52]} 18. Qxb6 {[%clk
0:26:00]} axb6 {[%clk 0:48:16]} 19. a3 {[%clk 0:21:48]} Rd5 {[%clk 0:44:18]} 20.
Rad1 {[%clk 0:20:16]} Rad8 {[%clk 0:43:14]} 21. Nc3 {[%clk 0:17:44]} Rd2 {[%clk
0:42:08]} 22. Rxd2 {[%clk 0:17:37]} Rxd2 {[%clk 0:42:30]} 23. Re2 {[%clk
0:17:56]} Rd4 {[%clk 0:40:46]} 24. g3 {[%clk 0:17:26]} g5 {[%clk 0:38:47]} 25.
Re4 {[%clk 0:14:48]} Bc5 {[%clk 0:37:53]} 26. Kf1 {[%clk 0:13:58]} Rxe4 {[%clk
0:37:17]} 27. Nxe4 {[%clk 0:14:21]} gxf4 {[%clk 0:36:47]} 28. Nxc5 {[%clk
0:13:54]} bxc5 {[%clk 0:37:12]} 29. gxf4 {[%clk 0:14:18]} f6 {[%clk 0:32:40]} 30.
Ke2 {[%clk 0:11:47]} Kf7 {[%clk 0:30:10]} 31. Kd3 {[%clk 0:11:50]} fxe5 {[%clk
0:28:20]} 32. fxe5 {[%clk 0:12:14]} Kg6 {[%clk 0:26:28]} 33. Ke4 {[%clk 0:09:55]}
Kg5 {[%clk 0:25:52]} 34. b4 {[%clk 0:06:12]} cxb4 {[%clk 0:25:31]} 35. axb4
{[%clk 0:06:36]} Kg4 {[%clk 0:24:26]} 36. c4 {[%clk 0:02:03]} b6 {[%clk 0:24:07]}
37. c5 {[%clk 0:01:12]} b5 {[%clk 0:24:32]} 38. Ke3 {[%clk 0:00:39]} Kf5 {[%clk
0:24:11]} 39. Kd4 {[%clk 0:01:01]} Kf4 {[%clk 0:24:32]} 40. h4 {[%clk 0:30:37]}
h5 {[%clk 0:54:53]} 41. Kd3 {[%clk 0:27:05]} Kxe5 {[%clk 0:55:17]} 42. Ke3 {[%clk
0:27:22]} Kf5 {[%clk 0:55:40]} 43. Kd4 {[%clk 0:23:35]} Kf4 {[%clk 0:55:57]} 44.
Kd3 {[%clk 0:23:49]} e5 {[%clk 0:56:22]} 45. Ke2 {[%clk 0:23:15]} Ke4 {[%clk
0:56:47]} 46. Kf2 {[%clk 0:22:37]} Kd3 {[%clk 0:57:09]} 47. Kf3 {[%clk 0:21:30]}
e4+ {[%clk 0:57:35]} 0-1

[Event "Greek Team Championship"]
[Site "chess24.com"]
[Date "2017.07.04"]
[Round "3"]
[White "Tsiros, Fragkiskos Vlasios"]
[Black "Roinos, Ilias"]
[Result "1/2-1/2"]
[Board "8"]
[WhiteElo "2163"]
[WhiteCountry "GRE"]
[WhiteFideId "4228200"]
[WhiteEloChange "1"]
[BlackElo "2198"]
[BlackCountry "GRE"]
[BlackFideId "4232402"]
[BlackEloChange "-1"]

1. e4 {[%clk 1:30:58]} e5 {[%clk 1:30:52]} 2. Nc3 {[%clk 1:30:22]} Nf6 {[%clk
1:30:51]} 3. g3 {[%clk 1:30:51]} Nc6 {[%clk 1:28:49]} 4. Bg2 {[%clk 1:31:14]} Bc5
{[%clk 1:29:04]} 5. Nge2 {[%clk 1:30:18]} a6 {[%clk 1:28:59]} 6. O-O {[%clk
1:29:45]} d6 {[%clk 1:29:21]} 7. d3 {[%clk 1:28:40]} Be6 {[%clk 1:24:12]} 8. h3
{[%clk 1:26:31]} h5 {[%clk 1:11:18]} 9. Nd5 {[%clk 1:18:57]} Qd7 {[%clk 1:06:01]}
10. Kh2 {[%clk 1:17:57]} Ba7 {[%clk 0:55:39]} 11. Be3 {[%clk 0:57:49]} Bxe3
{[%clk 0:52:42]} 12. Nxe3 {[%clk 0:55:15]} d5 {[%clk 0:41:50]} 13. c4 {[%clk
0:51:19]} dxe4 {[%clk 0:39:57]} 14. dxe4 {[%clk 0:51:39]} Qxd1 {[%clk 0:38:02]}
15. Raxd1 {[%clk 0:49:14]} Nd7 {[%clk 0:36:54]} 16. f4 {[%clk 0:40:05]} f6 {[%clk
0:36:36]} 17. f5 {[%clk 0:34:11]} Bf7 {[%clk 0:36:51]} 18. Nd5 {[%clk 0:34:40]}
O-O-O {[%clk 0:36:54]} 19. a3 {[%clk 0:31:30]} Na5 {[%clk 0:35:31]} 20. c5 {[%clk
0:15:48]} c6 {[%clk 0:34:08]} 21. Ne7+ {[%clk 0:15:32]} Kc7 {[%clk 0:33:35]} 22.
b4 {[%clk 0:15:59]} Nc4 {[%clk 0:33:42]} 23. Rf3 {[%clk 0:08:11]} Rhe8 {[%clk
0:27:30]} 24. Ng6 {[%clk 0:08:37]} Bxg6 {[%clk 0:27:52]} 25. fxg6 {[%clk
0:09:06]} Nf8 {[%clk 0:28:09]} 26. Rxd8 {[%clk 0:05:46]} Rxd8 {[%clk 0:28:31]}
27. Rc3 {[%clk 0:06:09]} Nd2 {[%clk 0:26:04]} 28. Kg1 {[%clk 0:05:23]} Nxg6
{[%clk 0:24:25]} 29. Kf2 {[%clk 0:05:17]} h4 {[%clk 0:24:47]} 30. Ke1 {[%clk
0:04:09]} Rd7 {[%clk 0:20:35]} 31. gxh4 {[%clk 0:00:40]} Nxh4 {[%clk 0:20:12]}
32. Bh1 {[%clk 0:01:05]} g5 {[%clk 0:18:27]} 33. a4 {[%clk 0:01:12]} b5 {[%clk
0:15:58]} 34. cxb6+ {[%clk 0:00:56]} Kxb6 {[%clk 0:16:19]} 35. a5+ {[%clk
0:01:23]} Kc7 {[%clk 0:14:41]} 36. Kf2 {[%clk 0:00:34]} Nb1 {[%clk 0:14:43]} 37.
Rc1 {[%clk 0:01:02]} Na3 {[%clk 0:14:55]} 38. Bg2 {[%clk 0:00:57]} Rd2 {[%clk
0:12:01]} 39. Bf1 {[%clk 0:00:50]} Nc2 {[%clk 0:09:54]} 40. Kg1 {[%clk 0:30:33]}
Nf3+ {[%clk 0:38:17]} 41. Kh1 {[%clk 0:26:30]} Ne3 {[%clk 0:35:39]} 42. Rc3
{[%clk 0:26:36]} Nxf1 {[%clk 0:27:58]} 43. Rxf3 {[%clk 0:27:04]} Rxe2 {[%clk
0:28:15]} 44. Rxf1 {[%clk 0:27:32]} Rxe4 {[%clk 0:28:31]} 45. Rxf6 {[%clk
0:28:00]} Rxb4 {[%clk 0:28:51]} 46. Rf7+ {[%clk 0:28:27]} Kd6 {[%clk 0:28:32]}
47. Ra7 {[%clk 0:28:39]} c5 {[%clk 0:27:44]} 48. Rxa6+ {[%clk 0:29:01]} Kd5
{[%clk 0:28:08]} 49. Ra8 {[%clk 0:28:50]} c4 {[%clk 0:28:31]} 50. a6 {[%clk
0:28:54]} Ra4 {[%clk 0:25:55]} 51. a7 {[%clk 0:25:03]} Ke4 {[%clk 0:26:18]} 52.
Kg2 {[%clk 0:25:15]} Ke3 {[%clk 0:12:36]} 53. Kg3 {[%clk 0:14:32]} e4 {[%clk
0:10:29]} 54. Kg4 {[%clk 0:10:06]} Ra5 {[%clk 0:10:50]} 55. Rc8 {[%clk 0:09:55]}
Rxa7 {[%clk 0:11:14]} 56. Rxc4 {[%clk 0:10:24]} Ra5 {[%clk 0:10:34]} 57. Rc8
{[%clk 0:08:44]} Kd2 {[%clk 0:09:52]} 58. Rd8+ {[%clk 0:08:34]} Ke2 {[%clk
0:10:08]} 59. Kg3 {[%clk 0:08:58]} e3 {[%clk 0:10:27]} 60. Re8 {[%clk 0:08:59]}
Rf5 {[%clk 0:03:57]} 61. Ra8 {[%clk 0:05:57]} Rc5 {[%clk 0:04:15]} 62. Ra2+
{[%clk 0:03:01]} Kd3 {[%clk 0:04:37]} 63. Kf3 {[%clk 0:02:32]} Rf5+ {[%clk
0:04:41]} 64. Kg2 {[%clk 0:03:00]} Rf4 {[%clk 0:02:52]} 65. Ra3+ {[%clk 0:03:09]}
Ke4 {[%clk 0:03:16]} 66. Ra4+ {[%clk 0:02:56]} Kf5 {[%clk 0:03:41]} 67. Ra5+
{[%clk 0:03:04]} Kg6 {[%clk 0:04:05]} 68. Re5 {[%clk 0:02:27]} 1/2-1/2

[Event "Greek Team Championship"]
[Site "chess24.com"]
[Date "2017.07.04"]
[Round "3"]
[White "Loutragotis, Paraskevas Pantelei"]
[Black "Trimitzios, Petros"]
[Result "1-0"]
[Board "9"]
[WhiteElo "1891"]
[WhiteCountry "GRE"]
[WhiteFideId "4278771"]
[WhiteEloChange "17"]
[BlackElo "2199"]
[BlackCountry "GRE"]
[BlackFideId "25808796"]
[BlackEloChange "-17"]

1. e4 {[%clk 1:30:56]} e5 {[%clk 1:30:34]} 2. Nf3 {[%clk 1:31:18]} Nc6 {[%clk
1:30:25]} 3. Bb5 {[%clk 1:31:04]} a6 {[%clk 1:29:54]} 4. Ba4 {[%clk 1:31:27]} Nf6
{[%clk 1:30:13]} 5. O-O {[%clk 1:31:43]} b5 {[%clk 1:27:58]} 6. Bb3 {[%clk
1:31:52]} Bb7 {[%clk 1:28:21]} 7. c3 {[%clk 1:29:45]} Nxe4 {[%clk 1:26:18]} 8.
Re1 {[%clk 1:29:03]} Nc5 {[%clk 1:22:32]} 9. Bd5 {[%clk 1:23:18]} Nd3 {[%clk
1:17:24]} 10. Re3 {[%clk 1:23:12]} Nxc1 {[%clk 1:11:14]} 11. Nxe5 {[%clk
1:22:12]} Nxe5 {[%clk 1:11:01]} 12. Rxe5+ {[%clk 1:22:23]} Be7 {[%clk 1:11:30]}
13. Bxb7 {[%clk 1:21:40]} Ra7 {[%clk 1:11:03]} 14. Be4 {[%clk 1:21:02]} O-O
{[%clk 1:03:23]} 15. Qxc1 {[%clk 1:19:16]} Bd6 {[%clk 1:03:21]} 16. Rh5 {[%clk
1:19:02]} g6 {[%clk 1:01:37]} 17. Rh3 {[%clk 1:19:24]} Qg5 {[%clk 0:51:05]} 18.
Qe1 {[%clk 1:15:27]} Bf4 {[%clk 0:49:54]} 19. g3 {[%clk 1:04:58]} Re8 {[%clk
0:44:18]} 20. Rh4 {[%clk 1:05:03]} Bd6 {[%clk 0:41:15]} 21. d3 {[%clk 1:02:57]}
f5 {[%clk 0:34:36]} 22. Bd5+ {[%clk 1:01:02]} Kf8 {[%clk 0:35:05]} 23. Qd2 {[%clk
1:00:43]} f4 {[%clk 0:35:01]} 24. Be4 {[%clk 0:56:38]} Kg7 {[%clk 0:34:44]} 25.
Na3 {[%clk 0:54:17]} c6 {[%clk 0:32:29]} 26. Nc2 {[%clk 0:54:01]} Bb8 {[%clk
0:30:38]} 27. Re1 {[%clk 0:51:55]} Qf6 {[%clk 0:24:45]} 28. Rxf4 {[%clk 0:37:55]}
Bxf4 {[%clk 0:25:00]} 29. Qxf4 {[%clk 0:38:03]} Qxf4 {[%clk 0:24:25]} 30. gxf4
{[%clk 0:38:27]} Rf8 {[%clk 0:24:54]} 31. Nd4 {[%clk 0:37:48]} c5 {[%clk
0:24:40]} 32. Ne2 {[%clk 0:37:44]} d6 {[%clk 0:24:37]} 33. Kg2 {[%clk 0:35:22]}
Re7 {[%clk 0:24:01]} 34. Kf3 {[%clk 0:34:31]} Kf6 {[%clk 0:23:27]} 35. Rg1 {[%clk
0:34:09]} Rd8 {[%clk 0:19:17]} 36. Rg5 {[%clk 0:34:15]} Ke6 {[%clk 0:15:04]} 37.
Rd5 {[%clk 0:31:18]} Rf7 {[%clk 0:14:03]} 38. h4 {[%clk 0:31:09]} Rf5 {[%clk
0:12:59]} 39. c4 {[%clk 0:31:04]} Rxd5 {[%clk 0:13:11]} 40. Bxd5+ {[%clk
1:01:26]} Ke7 {[%clk 0:42:43]} 41. Kg4 {[%clk 0:58:51]} b4 {[%clk 0:40:25]} 42.
Ng3 {[%clk 0:57:46]} Kf6 {[%clk 0:33:25]} 43. Ne4+ {[%clk 0:58:03]} Kg7 {[%clk
0:33:37]} 44. f5 {[%clk 0:55:50]} gxf5+ {[%clk 0:31:53]} 45. Kxf5 {[%clk
0:56:14]} Re8 {[%clk 0:32:19]} 46. f4 {[%clk 0:55:06]} Kh6 {[%clk 0:30:53]} 47.
Kg4 {[%clk 0:54:09]} Kg7 {[%clk 0:29:47]} 48. f5 {[%clk 0:54:09]} h6 {[%clk
0:28:51]} 49. f6+ {[%clk 0:54:29]} Kf8 {[%clk 0:28:57]} 50. f7 {[%clk 0:54:20]}
Re5 {[%clk 0:27:58]} 51. Nf6 {[%clk 0:54:20]} 1-0

[Event "Greek Team Championship"]
[Site "chess24.com"]
[Date "2017.07.04"]
[Round "3"]
[White "Rousis, Chrysostomos"]
[Black "Basinas, Konstantinos"]
[Result "1/2-1/2"]
[Board "10"]
[WhiteElo "1615"]
[WhiteCountry "CYP"]
[WhiteFideId "5902860"]
[WhiteEloChange "-5"]
[BlackElo "1411"]
[BlackCountry "GRE"]
[BlackFideId "25813285"]
[BlackEloChange "5"]

1. e4 {[%clk 1:30:51]} c5 {[%clk 1:30:54]} 2. Nf3 {[%clk 1:31:14]} e6 {[%clk
1:31:20]} 3. d4 {[%clk 1:31:36]} cxd4 {[%clk 1:31:46]} 4. Nxd4 {[%clk 1:31:55]}
a6 {[%clk 1:32:11]} 5. Nc3 {[%clk 1:32:11]} Qc7 {[%clk 1:32:35]} 6. Bd3 {[%clk
1:32:25]} Bc5 {[%clk 1:32:28]} 7. Nb3 {[%clk 1:32:43]} Ba7 {[%clk 1:32:45]} 8.
O-O {[%clk 1:32:21]} Nf6 {[%clk 1:32:38]} 9. Bg5 {[%clk 1:29:29]} d6 {[%clk
1:31:25]} 10. Qe2 {[%clk 1:27:00]} b5 {[%clk 1:31:29]} 11. Bxf6 {[%clk 1:22:37]}
gxf6 {[%clk 1:31:48]} 12. Kh1 {[%clk 1:23:01]} Bb7 {[%clk 1:27:37]} 13. Rae1
{[%clk 1:22:25]} Nd7 {[%clk 1:27:34]} 14. a4 {[%clk 1:15:09]} bxa4 {[%clk
1:21:37]} 15. Nxa4 {[%clk 1:15:31]} Bb8 {[%clk 1:21:44]} 16. f4 {[%clk 1:10:56]}
h5 {[%clk 1:19:25]} 17. c4 {[%clk 1:01:43]} h4 {[%clk 1:10:54]} 18. h3 {[%clk
1:01:09]} Rg8 {[%clk 1:08:33]} 19. Qh5 {[%clk 0:59:55]} f5 {[%clk 1:07:00]} 20.
Qh7 {[%clk 0:58:00]} Nf6 {[%clk 1:06:47]} 21. Qxh4 {[%clk 0:56:46]} Nxe4 {[%clk
1:06:50]} 22. Bxe4 {[%clk 0:50:32]} Bxe4 {[%clk 1:06:53]} 23. Rxe4 {[%clk
0:50:52]} fxe4 {[%clk 1:07:14]} 24. Qh7 {[%clk 0:50:07]} Rg6 {[%clk 1:03:07]} 25.
Qh8+ {[%clk 0:49:06]} Ke7 {[%clk 1:03:06]} 26. Qd4 {[%clk 0:49:20]} Ba7 {[%clk
1:02:44]} 27. Qxe4 {[%clk 0:43:40]} Rag8 {[%clk 1:02:15]} 28. g4 {[%clk 0:42:58]}
Rh6 {[%clk 0:55:40]} 29. Rf3 {[%clk 0:41:14]} Rgh8 {[%clk 0:54:58]} 30. Kg2
{[%clk 0:41:23]} Kd7 {[%clk 0:47:54]} 31. f5 {[%clk 0:37:27]} e5 {[%clk 0:42:39]}
32. Qd5 {[%clk 0:34:26]} R6h7 {[%clk 0:41:22]} 33. Na5 {[%clk 0:33:18]} Bb6
{[%clk 0:40:33]} 34. Nxb6+ {[%clk 0:33:41]} Qxb6 {[%clk 0:40:52]} 35. Rb3 {[%clk
0:34:06]} Qc5 {[%clk 0:39:29]} 36. Rb7+ {[%clk 0:18:54]} Kc8 {[%clk 0:39:01]} 37.
Rb8+ {[%clk 0:18:38]} Kd7 {[%clk 0:39:07]} 38. Rb7+ {[%clk 0:09:53]} Kc8 {[%clk
0:39:31]} 39. Rb8+ {[%clk 0:10:12]} Kd7 {[%clk 0:39:52]} 40. Rb7+ {[%clk
0:40:12]} 1/2-1/2

[Event "Greek Team Championship"]
[Site "chess24.com"]
[Date "2017.07.04"]
[Round "3"]
[White "Grigorov, Grigor"]
[Black "Sadzikowski, Daniel"]
[Result "1-0"]
[Board "1"]
[WhiteElo "2503"]
[WhiteTitle "GM"]
[WhiteCountry "BUL"]
[WhiteFideId "2907313"]
[WhiteEloChange "6"]
[BlackElo "2559"]
[BlackTitle "IM"]
[BlackCountry "POL"]
[BlackFideId "1132253"]
[BlackEloChange "-6"]

1. d4 {[%clk 1:30:54]} Nf6 {[%clk 1:30:52]} 2. c4 {[%clk 1:31:16]} e6 {[%clk
1:31:14]} 3. Nc3 {[%clk 1:31:34]} Bb4 {[%clk 1:31:31]} 4. e3 {[%clk 1:31:54]} O-O
{[%clk 1:31:46]} 5. Ne2 {[%clk 1:32:14]} c6 {[%clk 1:31:42]} 6. a3 {[%clk
1:32:29]} Ba5 {[%clk 1:32:09]} 7. c5 {[%clk 1:32:43]} d6 {[%clk 1:29:06]} 8. cxd6
{[%clk 1:33:04]} Qxd6 {[%clk 1:29:15]} 9. b4 {[%clk 1:33:13]} Bc7 {[%clk
1:29:35]} 10. g3 {[%clk 1:33:31]} Nbd7 {[%clk 1:26:54]} 11. Bg2 {[%clk 1:33:30]}
e5 {[%clk 1:24:15]} 12. O-O {[%clk 1:33:12]} Nb6 {[%clk 1:22:55]} 13. Qc2 {[%clk
1:28:04]} exd4 {[%clk 0:54:04]} 14. Nxd4 {[%clk 1:27:57]} a6 {[%clk 0:52:27]} 15.
Nce2 {[%clk 1:16:46]} Ng4 {[%clk 0:46:39]} 16. e4 {[%clk 1:10:55]} Re8 {[%clk
0:41:35]} 17. f4 {[%clk 1:03:11]} f6 {[%clk 0:34:00]} 18. h3 {[%clk 1:00:12]} Nh6
{[%clk 0:34:29]} 19. Bb2 {[%clk 1:00:22]} Bd7 {[%clk 0:34:39]} 20. Nb3 {[%clk
0:50:48]} Rad8 {[%clk 0:35:08]} 21. Nc5 {[%clk 0:50:21]} Bc8 {[%clk 0:35:37]} 22.
Nd4 {[%clk 0:47:25]} Qe7 {[%clk 0:35:44]} 23. Rf3 {[%clk 0:36:36]} Qf7 {[%clk
0:35:58]} 24. Bf1 {[%clk 0:36:34]} Kh8 {[%clk 0:35:08]} 25. a4 {[%clk 0:36:24]}
Qh5 {[%clk 0:31:29]} 26. g4 {[%clk 0:33:51]} Qh4 {[%clk 0:29:55]} 27. a5 {[%clk
0:31:10]} Na8 {[%clk 0:28:30]} 28. Qg2 {[%clk 0:19:57]} Nf7 {[%clk 0:27:36]} 29.
Bd3 {[%clk 0:19:46]} h5 {[%clk 0:26:29]} 30. Qf2 {[%clk 0:17:59]} Qxf2+ {[%clk
0:26:37]} 31. Kxf2 {[%clk 0:16:57]} Bb8 {[%clk 0:26:46]} 32. gxh5 {[%clk
0:15:49]} Nh6 {[%clk 0:25:01]} 33. Rg1 {[%clk 0:15:18]} Nc7 {[%clk 0:25:03]} 34.
Rg6 {[%clk 0:15:02]} Rf8 {[%clk 0:25:29]} 35. Bc3 {[%clk 0:12:44]} Rde8 {[%clk
0:25:45]} 36. Rfg3 {[%clk 0:09:15]} Re7 {[%clk 0:26:06]} 37. Kf3 {[%clk 0:09:06]}
Ba7 {[%clk 0:24:52]} 38. Bc2 {[%clk 0:08:19]} Bb8 {[%clk 0:15:58]} 39. Bb3 {[%clk
0:07:43]} Ba7 {[%clk 0:16:21]} 40. f5 {[%clk 0:06:15]} Bxc5 {[%clk 0:37:45]} 41.
bxc5 {[%clk 0:37:03]} Nb5 {[%clk 0:37:27]} 42. Nxb5 {[%clk 0:36:22]} cxb5 {[%clk
0:37:50]} 43. Bd2 {[%clk 0:25:24]} Nf7 {[%clk 0:37:49]} 44. Bf4 {[%clk 0:25:11]}
Rd8 {[%clk 0:35:17]} 45. h6 {[%clk 0:19:38]} Rd3+ {[%clk 0:33:17]} 46. Kf2 {[%clk
0:19:57]} Rxb3 {[%clk 0:33:09]} 47. hxg7+ {[%clk 0:20:03]} Kg8 {[%clk 0:33:35]}
48. Rxb3 {[%clk 0:20:10]} Rxe4 {[%clk 0:34:03]} 49. Re3 {[%clk 0:19:22]} Bxf5
{[%clk 0:32:59]} 50. Rxe4 {[%clk 0:18:24]} Bxe4 {[%clk 0:32:54]} 51. Rg1 {[%clk
0:17:31]} Nd8 {[%clk 0:32:53]} 52. h4 {[%clk 0:16:08]} Ne6 {[%clk 0:33:18]} 53.
Ke3 {[%clk 0:16:26]} Bh7 {[%clk 0:32:33]} 54. Rg2 {[%clk 0:12:54]} Kf7 {[%clk
0:23:25]} 55. Bh6 {[%clk 0:12:36]} Bg8 {[%clk 0:21:22]} 56. h5 {[%clk 0:12:19]}
Ke7 {[%clk 0:19:13]} 57. Bf4 {[%clk 0:12:05]} Kf7 {[%clk 0:16:04]} 58. h6 {[%clk
0:11:57]} Nxc5 {[%clk 0:16:28]} 59. Rc2 {[%clk 0:11:42]} Ne6 {[%clk 0:16:51]} 60.
Rc8 {[%clk 0:11:27]} b4 {[%clk 0:17:19]} 61. Bd6 {[%clk 0:11:27]} b3 {[%clk
0:17:19]} 62. Ba3 {[%clk 0:10:52]} 1-0

[Event "Greek Team Championship"]
[Site "chess24.com"]
[Date "2017.07.04"]
[Round "3"]
[White "Barski, Radoslaw"]
[Black "Stojanovski, Dejan"]
[Result "1/2-1/2"]
[Board "2"]
[WhiteElo "2411"]
[WhiteCountry "POL"]
[WhiteFideId "1131710"]
[WhiteEloChange "1"]
[BlackElo "2451"]
[BlackTitle "IM"]
[BlackCountry "MKD"]
[BlackFideId "15000796"]
[BlackEloChange "-1"]

1. e4 {[%clk 1:30:26]} c5 {[%clk 1:29:18]} 2. Nf3 {[%clk 1:30:51]} Nc6 {[%clk
1:29:45]} 3. Bb5 {[%clk 1:30:09]} g6 {[%clk 1:30:09]} 4. Bxc6 {[%clk 1:30:31]}
dxc6 {[%clk 1:30:34]} 5. d3 {[%clk 1:30:46]} Bg7 {[%clk 1:30:38]} 6. h3 {[%clk
1:30:40]} Nh6 {[%clk 1:24:35]} 7. Nc3 {[%clk 1:25:41]} f6 {[%clk 1:24:10]} 8. Be3
{[%clk 1:25:30]} b6 {[%clk 1:24:18]} 9. Qd2 {[%clk 1:25:16]} Nf7 {[%clk 1:24:42]}
10. g4 {[%clk 1:19:55]} e5 {[%clk 1:23:36]} 11. O-O-O {[%clk 1:18:41]} Be6 {[%clk
1:23:02]} 12. Rdg1 {[%clk 1:16:42]} Qd7 {[%clk 1:21:50]} 13. g5 {[%clk 1:13:47]}
fxg5 {[%clk 1:13:17]} 14. Nxg5 {[%clk 1:13:24]} Nxg5 {[%clk 1:12:06]} 15. Bxg5
{[%clk 1:13:49]} h6 {[%clk 0:59:38]} 16. Be3 {[%clk 1:13:55]} g5 {[%clk 0:59:57]}
17. h4 {[%clk 1:08:52]} g4 {[%clk 1:00:12]} 18. h5 {[%clk 1:08:44]} O-O-O {[%clk
1:00:09]} 19. Ne2 {[%clk 0:47:16]} Rhf8 {[%clk 0:48:18]} 20. Rg2 {[%clk 0:30:51]}
c4 {[%clk 0:40:40]} 21. Bxh6 {[%clk 0:23:10]} Bxh6 {[%clk 0:40:30]} 22. Qxh6
{[%clk 0:23:28]} cxd3 {[%clk 0:40:54]} 23. cxd3 {[%clk 0:22:08]} Bxa2 {[%clk
0:40:39]} 24. Rd1 {[%clk 0:19:15]} Rf3 {[%clk 0:30:09]} 25. d4 {[%clk 0:16:01]}
Bc4 {[%clk 0:28:51]} 26. Ng1 {[%clk 0:14:10]} Rd3 {[%clk 0:22:42]} 27. Rxd3
{[%clk 0:13:20]} Bxd3 {[%clk 0:23:10]} 28. Qe3 {[%clk 0:12:52]} Bf1 {[%clk
0:23:30]} 29. Rg3 {[%clk 0:13:14]} Bc4 {[%clk 0:16:46]} 30. Qc3 {[%clk 0:12:24]}
Bf7 {[%clk 0:16:23]} 31. d5 {[%clk 0:12:10]} Bxh5 {[%clk 0:16:30]} 32. Qxe5
{[%clk 0:08:58]} Bg6 {[%clk 0:16:41]} 33. Rc3 {[%clk 0:07:15]} Re8 {[%clk
0:13:52]} 34. Qf6 {[%clk 0:06:10]} Bxe4 {[%clk 0:13:59]} 35. dxc6 {[%clk
0:05:59]} Qe6 {[%clk 0:11:46]} 36. Qg7 {[%clk 0:04:03]} Re7 {[%clk 0:11:52]} 37.
Qf8+ {[%clk 0:04:28]} Re8 {[%clk 0:12:19]} 38. Qg7 {[%clk 0:04:32]} Re7 {[%clk
0:12:14]} 39. Qf8+ {[%clk 0:04:56]} Re8 {[%clk 0:12:39]} 1/2-1/2